000 00451nam a2200181Ia 4500
001 3916
005 20260306145718.0
008 260306t2010||||xx |||||||||||||| ||spa||
041 _aESP
082 _a305.42
_bS28
100 _aScala, Jorge
_eAUT
245 0 _aLa ideología de género o el género como herramienta de poder
260 _c2010
300 _a171 páginas :
_c24 cm.
650 _aGEN
654 _aCHU
942 _cLIB
_dJUS
_fJUS
_2ddc
_n
999 _c3916
_d3916